<?xml version="1.0" encoding="UTF-8"?>
<record
    xmlns:xsi="http://www.w3.org/2001/XMLSchema-instance"
    xsi:schemaLocation="http://www.loc.gov/MARC21/slim http://www.loc.gov/standards/marcxml/schema/MARC21slim.xsd"
    xmlns="http://www.loc.gov/MARC21/slim">

  <leader>01094    a2200133   4500</leader>
  <datafield tag="082" ind1=" " ind2=" ">
    <subfield code="a">302</subfield>
    <subfield code="b">AL473t</subfield>
  </datafield>
  <datafield tag="100" ind1=" " ind2=" ">
    <subfield code="a">Alvarenga, Luis</subfield>
    <subfield code="9">528</subfield>
  </datafield>
  <datafield tag="245" ind1=" " ind2=" ">
    <subfield code="a">Tiempos de Audacia</subfield>
    <subfield code="b">Los Mass Media de una Guerrilla</subfield>
  </datafield>
  <datafield tag="260" ind1=" " ind2=" ">
    <subfield code="a">El Salvador</subfield>
    <subfield code="b">Asociacion Centro de Capacitacion y Promocion para la Democraia, CECADE</subfield>
    <subfield code="c">2013</subfield>
  </datafield>
  <datafield tag="300" ind1=" " ind2=" ">
    <subfield code="a">437 P</subfield>
    <subfield code="b">il (some color)</subfield>
    <subfield code="c">23 cm</subfield>
  </datafield>
  <datafield tag="505" ind1=" " ind2=" ">
    <subfield code="t">Prologo I Prologo II Prefacio</subfield>
    <subfield code="t">1. El surgimiento de una guerrilla</subfield>
    <subfield code="t">2. Origen del colectivo de prensa y propaganda del PRS-ERP-LP28 (1972-1980)</subfield>
    <subfield code="t">3. La construccion del aparato comunicacional en la Guerra (1981-1983) Un ejercito de creativos en accion</subfield>
    <subfield code="t">4. Montando una radio guerrillera</subfield>
    <subfield code="t">5. El capital simbolico de la radio insurgente: El COMIN y el sistema Radio Venceremos</subfield>
    <subfield code="t">6. El salto al cine</subfield>
    <subfield code="t">7. Juglares insurgentes</subfield>
    <subfield code="t">8. En la recta final de la guerra (1990-1992)</subfield>
    <subfield code="t">9. Del cese al fuego a la posguerra</subfield>
    <subfield code="t">Epilogo El valor de la memoria: registrar sin censura Bibliografia Las estructuras comunicativas del PRS-ERP LP-28 y sus integrantes</subfield>
  </datafield>
  <datafield tag="650" ind1=" " ind2=" ">
    <subfield code="a">Comunicacin&#x324;</subfield>
    <subfield code="v">Historia de medios</subfield>
    <subfield code="z">El Salvador</subfield>
    <subfield code="9">551</subfield>
  </datafield>
  <datafield tag="700" ind1=" " ind2=" ">
    <subfield code="a">Luis Alvarenga</subfield>
    <subfield code="9">529</subfield>
  </datafield>
  <datafield tag="999" ind1=" " ind2=" ">
    <subfield code="c">106</subfield>
    <subfield code="d">106</subfield>
  </datafield>
  <datafield tag="952" ind1=" " ind2=" ">
    <subfield code="0">0</subfield>
    <subfield code="1">0</subfield>
    <subfield code="2">ddc</subfield>
    <subfield code="4">0</subfield>
    <subfield code="7">0</subfield>
    <subfield code="a">LV</subfield>
    <subfield code="b">LV</subfield>
    <subfield code="c">Pensamiento</subfield>
    <subfield code="d">2014-05-05</subfield>
    <subfield code="l">0</subfield>
    <subfield code="o">302 AL473t</subfield>
    <subfield code="p">003955</subfield>
    <subfield code="r">2014-05-05 00:00:00</subfield>
    <subfield code="w">2014-05-05</subfield>
    <subfield code="y">01</subfield>
  </datafield>
</record>
